Authors by Title Adjectives Quiz Stats

 Plays Quiz Updated Dec 29, 2015

Challenge
Share
Tweet
Embed
Score 0/20 Timer 04:00
0 Plays Today
% Correct
Roald Dahl
81%
Charles Dickens
80.1%
F. Scott Fitzgerald
76.3%
Tom Clancy
73.2%
J. K. Rowling
69.6%
Nathaniel Hawthorne
68.9%
Thomas Hardy
68.6%
Dashiell Hammett
62.8%
Ray Bradbury
60.2%
Stephen King
49.9%
% Correct
Philip Pullman
48.5%
Agatha Christie
45.9%
C. S. Lewis
45.7%
Ian Fleming
44.6%
Margaret Atwood
35.6%
Neil Gaiman
28.1%
Michael Crichton
27.4%
John Steinbeck
23.7%
Robert A. Heinlein
22.2%
W. Somerset Maugham
21.9%

You're not logged in!

Compare scores with friends on all Sporcle quizzes.
OR
Log In

You Might Also Like...

Show Comments

Extras

Top Quizzes Today


Score Distribution

Your Account Isn't Verified!

In order to create a playlist on Sporcle, you need to verify the email address you used during registration. Go to your Sporcle Settings to finish the process.

Report this User

Report this user for behavior that violates our Community Guidelines.

Details: